000 00665nam a2200289Ia 4500
005 20260324120811.0
008 008 260324s9999 xx 000 0 eng d
020 _a9781315817989
037 _aEBOOK
040 _aCRL
040 _beng
040 _cCRL
041 _2eng
041 _aeng
084 _qCRL
100 _aLeslie Bunt; Brynjulf Stige
_91160024
245 0 _aMusic Therapy
245 3 _bAn art beyond words
260 _bTaylor and Francis
260 _c2014
365 _a
365 _b280
856 _uhttp://www.taylorfrancis.com/books/9781315817989
942 _cEBOOK
999 _c1751736
_d1751736